| 000 | 00376nam a2200121Ia 4500 | ||
|---|---|---|---|
| 008 | 220214s9999 xx 000 0 und d | ||
| 245 | 0 | _aNational Dairy Research Institute, Karnal, Annual Report | |
| 260 |
_bNDRI _aKarnal |
||
| 500 | _aEnding Volume & Year: 1978, | ||
| 500 | _aMissing Volume: 1967-1969;1971-1973;1975 | ||
| 500 | _aStarting Volume & Year: 1966, | ||
| 942 | _cBJ | ||
| 999 |
_c2709 _d2709 |
||